000 00395nam a2200109Ia 4500
008 160909s9999 xx 000 0 und d
100 _aChaudhari, Devendra
245 _aExperiments on the vibration control of a flexible structure using FPGA
260 _bCalifornia State University, Long Beach.
_c2016
650 _aMASS COM
856 _uhttp://pqdtopen.proquest.com/doc/1767384177.html?FMT=ABS
999 _c304236
_d304236